Normal view
MARC view
Entry Personal Name
001 - CONTROL NUMBER
- control field: 17830
003 - CONTROL NUMBER IDENTIFIER
- control field: OSt
005 - DATE AND TIME OF LATEST TRANSACTION
- control field: 20240625130913.0
008 - FIXED-LENGTH DATA ELEMENTS
- fixed length control field: 240625|| aca||aabn | a|a d
040 ## - CATALOGING SOURCE
- Original cataloging agency: OSt
- Transcribing agency: OSt
100 ## - HEADING--PERSONAL NAME
- Personal name: Truman J. Moon ... ( et al )
670 ## - SOURCE DATA FOUND
- Source citation: Work cat.: (OSt)8823: Truman J. Moon ... ( et al ), Modern Biology/, 1956.
